| 000 | 00666ntaaa2200217 4500 | ||
|---|---|---|---|
| 003 | 01 | ||
| 005 | 20251027201610.0 | ||
| 008 | 0714s1973 ag 01 | ||
| 020 | _a8475090869 | ||
| 040 |
_aAR-BaBN _bspa _cAR-BaBN _eaacr _dRIC |
||
| 082 | _a615.8370 B43m | ||
| 100 |
_aBenenzon, Rolando O _914625 |
||
| 245 | _aManual de Musicoterapia | ||
| 250 | _a1 ed.2reim | ||
| 260 |
_aBarcelona=260 \\ _aBuenos Aires : _bPaidos : _bPaidos, _c1992 |
||
| 300 |
_a269 [271] p ; _cesquemas; 19,5 cm |
||
| 500 | _aEstudio de la relación sonido-ser humano. Bibliografía p 264-269, contiene indice analítico | ||
| 650 |
_aMusicoterapia _914626 |
||
| 650 | _aMusica | ||
| 942 | _cBK | ||
| 999 |
_c10598 _d10598 |
||